01338 2200241 4500001002100000005001500021035002000036245005200056100001700108250001300125300003500138856001700173260003400190082001100224084001700235020002200252600002300274520071100297990002201008990002201030990002201052990002201074INLIS00000000000548920241002054836 a0010-10240000051 aManajemen Perbendaharaan Negara /cKuwat Slamet0 aKuwat Slamet aCet.1.-- axxiv, 374 hlm. ;c15,5 x 23 cm aIlmu Terapan aJakarta :bBumi Aksara,c2023 a658.15 a658.15 KUW m a978-623-328-570-4 4aManajemen Keuangan aBuku ini menggunakan pendekatan praktik dalam pelaksanaan perbendaharaan negara. Basis rujukannya adalah peraturan yang relevan atau berlaku saat ini dengan tambahan filosofi di dalamnya. Buku ini menjadi bagian dari penampungan pengetahuan dalam upaya menciptakan knowledge management di bidang perbendaharaan negara. Manajemen perbendaharaan negara dalam buku ini menyajikan materi mengenai Keuangan Negara dan Perbendaharaan Negara, Manajemen Kas, Manajemen Piutang, Manajemen Persediaan, Manajemen Investasi, Manajemen Utang, dan Manajemen Proyek yang dilakukan oleh pemerintah pusat dan pemerintah daerah. Selain itu, berbagai peraturan dan perkembangan baru telah disesuaikan dengan kondisi terkini. a155 221 337 21867 a155 221 337 21868 a155 221 337 21869 a155 221 337 21870